Southville International School and Colleges
Your cart is empty.
  • Cart
  • Lists
    Public lists Eva Luna New books Lux_list list_1
    Your lists Log in to create your own lists
  • Log in to your account
  • Your cookies
  • Search history
Southville International School and Colleges
  • Advanced search
  • Recent comments
  • Most popular
  • Libraries

Log in to your account

Log in with GOOGLE


If you do not have an external account, but do have a local account, you can still log in:

  1. Home
  2. MARC view: Grammar and composition 3 / 
Normal view MARC view ISBD view

Grammar and composition 3 /  (Record no. 288242)

[ view plain ]
MARC details
000 -LEADER
fixed length control field 00547nam a2200157Ia 4500
008 - FIXED-LENGTH DATA ELEMENTS--GENERAL INFORMATION
fixed length control field 150610s9999 xx 000 0 und d
020 ## - INTERNATIONAL STANDARD BOOK NUMBER
International Standard Book Number 9812448497
050 ## - LIBRARY OF CONGRESS CALL NUMBER
Classification number PE 1112
Item number .P918 2005
100 ## - MAIN ENTRY--PERSONAL NAME
Personal name Forlini, Gary 
245 ## - TITLE STATEMENT
Title Grammar and composition 3 / 
Statement of responsibility, etc Gary Forlini [et.al.].
250 ## - EDITION STATEMENT
Edition statement Low price ed.
260 ## - PUBLICATION, DISTRIBUTION, ETC. (IMPRINT)
Place of publication, distribution, etc Singapore :
Name of publisher, distributor, etc Pearson Education South Asia Pte. Ltd, 
Date of publication, distribution, etc 2005.
300 ## - PHYSICAL DESCRIPTION
Extent 880pages :
Other physical details illustrations ;
Dimensions 21 cm.
520 ## - SUMMARY, ETC.
Summary, etc English language.
650 ## - SUBJECT ADDED ENTRY--TOPICAL TERM
Topical term or geographic name as entry element Composition--Problems, exercises, etc. 
General subdivision English language.
Holdings
Withdrawn status Lost status Damaged status Home library Current library Shelving location Date acquired Total Checkouts Full call number Barcode Date last seen Price effective from Koha item type
      Stonyhurst Southville International School (Batangas) Stonyhurst Southville International School (Batangas) High School Section 06/10/2015   PE 1112 .P918 2005 US-0455 06/10/2015 06/10/2015 Books

Grammar and composition 3 / 

APA

Forlini G., . (2005). Grammar and composition 3. Singapore: Pearson Education South Asia Pte. Ltd.

Chicago

Forlini Gary, . 2005. Grammar and composition 3. Singapore: Pearson Education South Asia Pte. Ltd.

Harvard

Forlini G., . (2005). Grammar and composition 3. Singapore: Pearson Education South Asia Pte. Ltd.

MLA

Forlini Gary, . Grammar and composition 3. Singapore: Pearson Education South Asia Pte. Ltd. 2005.

  • Place hold
  • Print
  • Cite
  • Add to your cart (remove)
  • Save record
    BIBTEX Dublin Core MARCXML MARC (non-Unicode/MARC-8) MARC (Unicode/UTF-8) MARC (Unicode/UTF-8, Standard) MODS (XML) RIS
  • More searches
    Search for this title in:
    Other Libraries (WorldCat) Other Databases (Google Scholar) Online Stores (Bookfinder.com) Open Library (openlibrary.org)

Exporting to Dublin Core...

SOUTHVILLE LIBRARY

Southville International School and Colleges Library

1281 Tropical Ave. Cor. Luxembourg St., BF Homes International, Las Pinas City

Tel. No. 8256374 / 252358 Loc. 117/146

Powered by Koha